| 000 | 00907nam a22002537a 4500 | ||
|---|---|---|---|
| 999 |
_c64601 _d64601 |
||
| 005 | 20240530110740.0 | ||
| 008 | 180920s2013 ua ahk f b 000 0 ara d | ||
| 020 | _a9789774522342 | ||
| 040 |
_aEG-CaGPL _cEG-CaGPL |
||
| 082 | 0 | 4 |
_221 _a720.962 / _bق/أ ب |
| 100 | 0 | _aاحمد امين | |
| 245 | 1 | 0 |
_aبيت السنارى / _cاحمد امين |
| 260 |
_aالاسكندرية : _bمكتبة الاسكندرية، _c2013. |
||
| 300 |
_a117 ص. : _bايض ؛ _c30 سم. |
||
| 490 | 0 |
_aسلسلة مطبوعات بيت السنارى ؛ _v1. |
|
| 504 | _aيشتمل على ارجاعات ببليوجرافية | ||
| 650 | 0 | 7 |
_2qrmak _aالعمارة |
| 650 | 0 | 7 |
_2qrmak _aالزخرفة المعمارية |
| 650 | 0 | 7 |
_2qrmak _aالتصميم الانشائى |
| 651 | _2qrmak | ||
| 653 | 0 | _aبيت السنارى - عمارة | |
| 942 |
_2ddc _cBK |
||